Clic 1 chanson de Disney -> 1 interprète - Statistiques

Statistiques générales
  • Ce quiz a été pris 153 fois
  • Le résultat moyen est 7 sur 16
Statistiques - réponses
Hint Réponse % Correct
LIbérée délivrée Anaïs Delva
87%
Le bleu lumière Cerise Calixte
75%
Comme un homme Patrick Fiori
69%
Être un homme comme vous Ben l'Oncle Soul
61%
Je suis ton meilleur ami Richard Darbois
56%
Sous l'océan Henri Salvador
54%
Où est la vraie vie Maeva Méline
50%
Ce rêve bleu Karine Costa & Daniel Lévi
44%
Partir là-bas Claire Guyot
33%
L'histoire de la vie Debbie Davis
33%
Il en faut peu pour être heureux Jean Stout et Pascal Bressy
31%
Un jour, mon prince viendra Lucie Dolène
25%
L'air du vent Native
23%
Supercalifragilisticexpialidocious Eliane Thibault et Michel Roux
21%
Je voudrais Sara
19%
Je suis ton ami Charlélie Couture
15%
Aucun quiz correspondant
Distribution des résultats
% des personnes avec chaque résultat
Percentile par nombre de réponses
Votre historique - résultats
Vous n’avez pas pris ce quiz